书目信息 |
| 题名: |
循环经济学原理
|
|
| 作者: | 谭根林 著 | |
| 分册: | ||
| 出版信息: | 北京 经济科学出版社 2006 |
|
| 页数: | 311页 | |
| 开本: | 21cm | |
| 丛书名: | ||
| 单 册: | ||
| 中图分类: | F062.1 | |
| 科图分类: | ||
| 主题词: | 自然资源--资源经济学 , 自然资源 , 资源经济学 | |
| 电子资源: | ||
| ISBN: | 7-5058-5517-4 | |
| 000 | 00951nam0 2200301 450 | |
| 001 | 003185763 | |
| 005 | 20070807111304.04 | |
| 010 | @a7-5058-5517-4@dCNY28.00 | |
| 035 | @a003185763 | |
| 100 | @a20060104d2006 em y0chiy0110 ea | |
| 101 | 0 | @achi |
| 102 | @aCN@b110000 | |
| 105 | @ay z 000yy | |
| 106 | @ar | |
| 200 | 1 | @a循环经济学原理@Axun huan jing ji xue yuan li@f谭根林著@Ftan gen lin zhu |
| 210 | @a北京@c经济科学出版社@d2006 | |
| 215 | @a311页@d21cm | |
| 312 | @a封面英文题名:Principles of cycle economics | |
| 330 | @a本书分为三部分:产品循环运动、货币循环运动、经济循环运动,每部分均包括循环运动的动力、基础、简单模式、循环运动规模的衡量等内容。 | |
| 510 | 1 | @aPrinciples of cycle economics@zeng |
| 606 | 0 | @a自然资源@x资源经济学 |
| 606 | 0 | @a自然资源 |
| 606 | 0 | @a资源经济学 |
| 610 | 0 | @a循环经济 |
| 690 | @aF062.1@v4 | |
| 701 | 0 | @a谭根林@Atan gen lin@4著 |
| 801 | 0 | @aCN@bNLC@c20070807 |
| 905 | @dF062.1@e89@f1 | |
| 循环经济学原理/谭根林著.-北京:经济科学出版社,2006 |
| 311页;21cm |
| ISBN 7-5058-5517-4:CNY28.00 |
| 本书分为三部分:产品循环运动、货币循环运动、经济循环运动,每部分均包括循环运动的动力、基础、简单模式、循环运动规模的衡量等内容。 |
| ● |
| 相关链接 |
|
|
|
|
正题名:循环经济学原理
索取号:F062.1/89
 
预约/预借
| 序号 | 登录号 | 条形码 | 馆藏地/架位号 | 状态 | 备注 |
| 1 | 0853007 | 208530071 | 第一样本阅览室/ [索取号:F062.1/89] | 在馆 |